| 000 | 00466nam a22001697a 4500 | ||
|---|---|---|---|
| 005 | 20251108175428.0 | ||
| 008 | 250721s1986 xx 000 0 ara d | ||
| 082 | 1 | 4 | _a216.23/تيم |
| 100 | 1 | _aابن تيمية، تقي الدين | |
| 245 | 1 | 0 | _aاحكام الصيام / |
| 264 | 1 |
_aلبنان : _bدار الكتب العلمية، _c1986. |
|
| 300 | _a185ص. | ||
| 650 | 1 | 7 | _aالصوم |
| 650 | 1 | 7 | _aالعبادة |
| 942 |
_2ddc _cBK |
||
| 999 |
_c133871 _d133871 |
||